Statistics for Dreamworks Animated Films by Description

Click here to take the quiz!

General Stats

  • This quiz has been taken 45 times
  • The average score is 15 of 22

Answer Stats

Description Film Title % Correct
After his swamp is filled with magical creatures, an ogre agrees to rescue a princess for a villainous lord in order to get his land back.Shrek
100%
A hapless young Viking who aspires to hunt dragons becomes the unlikely friend of a young dragon himself, and learns there may be more to the creatures than he assumed.How to Train your Dragon
94%
After the Bergens invade Troll Village, the happiest Troll ever born sets off on a journey to rescue her friends.Trolls
85%
Spoiled by their upbringing and unaware of what wildlife really is, four animals from the New York Central Zoo escape, unwittingly assisted by four absconding penguins, and find themselves on an island off the coast of Africa.Madagascar
82%
After their cave is destroyed, a caveman family must trek through an unfamiliar fantastical world with the help of an inventive boy.The Croods
79%
A rather neurotic ant tries to break from his autocratic society while trying to win the affection of the princess.Antz
79%
The Dragon Warrior has to clash against the savage Tai Lung as China's fate hangs in the balance: However, the Dragon Warrior mantle is supposedly mistaken to be bestowed upon an obese panda who is a tyro in martial arts.Kung Fu Panda
79%
A suit-wearing, briefcase-carrying baby pairs up with his 7-year old brother to stop the dastardly plot of the CEO of Puppy Co.The Boss Baby
76%
A bee just graduated from college, is disillusioned at his lone career choice: making honey. On a special trip outside the hive, his life is saved by a florist in New York City. As their relationship blossoms, he discovers humans actually eat honey, and subsequently decides to sue them.Bee Movie
74%
A scheming raccoon fools a mismatched family of forest creatures into helping him repay a debt of food, by invading the new suburban sprawl that popped up while they were hibernating...and learns a lesson about family himself.Over the Hedge
71%
When a son of a gangster shark boss is accidentally killed while on the hunt, his would-be prey and his vegetarian brother decide to use the incident to their own advantage.Shark Tale
71%
A freak accident might just help an everyday garden snail achieve his biggest dream: winning the Indy 500.Turbo
71%
A supervillain finally defeats his nemesis, the superhero Metro Man. But without a hero, he loses all purpose and must find new meaning to his life.Megamind
68%
The story of an uptown rat that gets flushed down the toilet from his penthouse apartment, ending in the sewers of London, where he has to learn a whole new and different way of life.Flushed Away
62%
A woman transformed into a giant after she is struck by a meteorite on her wedding day becomes part of a team of monsters sent in by the U.S. government to defeat an alien mastermind trying to take over Earth.Monsters Vs Aliens
62%
When the evil spirit Pitch launches an assault on Earth, the Immortal Guardians team up to protect the innocence of children all around the world.Rise of the Guardians
62%
An Egyptian prince learns of his identity as a Hebrew and his destiny to become the chosen deliverer of his people.The Prince of Egypt
56%
The time-travelling adventures of an advanced canine and his adopted son, as they endeavor to fix a time rift they created.Mr Peabody & Sherman
56%
An alien on the run from his own people makes friends with a girl. He tries to help her on her quest, but can be an interference.Home
50%
Two swindlers get their hands on a map to the fabled city of gold, El Dorado.The Road to El Dorado
50%
Two overly imaginative pranksters hypnotize their principal into thinking he's a ridiculously enthusiastic, incredibly dimwitted superhero in limited clothing.Captain Underpants
44%
A wild stallion is captured by humans and slowly loses the will to resist training. Yet throughout his struggles for freedom, the stallion refuses to let go of the hope of one day returning home to his herd.Spirit: Stallion of the Cimarron
44%

Score Distribution

Percentile by Number Answered

Percent of People with Each Score

Your Score History

You have not taken this quiz